=LDR 00000nam 2200000 4500 =001 INLIS000000000047329 =005 20151012145341.0 =006 =007 =008 =020 ##$$a 979-94717-61-9 =035 ##$$0010-101500000000040 =040 ##$$a ind =082 ##$$a 530.4 =090 ##$$a 530.4 $b Mas =100 ##$$a Masita =245 ##$$a Petualangan IPA =260 ##$$a Pustaka Agning $b 2008 =990 ##$$a 0001/BPAP-NTB/2015